Los tumores del riñón desde el punto de vista de su diagnóstico clínico (Record no. 108267)

MARC details
000 -LEADER
campo de control de longitud fija 00718nam a2200181 4500
001 - NÚMERO DE CONTROL
campo de control 108267
003 - IDENTIFICADOR DE NÚMERO DE CONTROL
campo de control ES-MaACL
005 - FECHA Y HORA DE LA ÚLTIMA TRANSACCIÓN
campo de control 20250802063113.0
007 - CAMPO FIJO DE DESCRIPCIÓN FÍSICA--INFORMACIÓN GENERAL
campo de control de longitud fija t|
008 - DATOS DE LONGITUD FIJA--INFORMACIÓN GENERAL
campo de control de longitud fija 061121s1927 sp r ||||1| spa d
100 1# - ENTRADA PRINCIPAL--NOMBRE DE PERSONA
Nombre de persona Mollá Rodrigo, Rafael,
Fechas asociadas al nombre 1862-1930
9 (RLIN) 82047
245 14 - MENCIÓN DEL TÍTULO
Título Los tumores del riñón desde el punto de vista de su diagnóstico clínico
Resto del título : ( discurso de ingreso en la Academia de Ciencias Médicas de la Habana) /
Mención de responsabilidad, etc. Rafael Mollá y Rodrigo.
260 ## - PUBLICACIÓN, DISTRIBUCIÓN, ETC.
Lugar de publicación, distribución, etc. Madrid :
Nombre del editor, distribuidor, etc. [s.n],
Fecha de publicación, distribución, etc. 1927 (
Fabricante Imp. de Julio Rosano)
300 ## - DESCRIPCIÓN FÍSICA
Extensión 32 p. ;
Dimensiones 25 cm.
710 2# - ENTRADA AGREGADA--NOMBRE DE ENTIDAD CORPORATIVA
Nombre de entidad corporativa o nombre de jurisdicción como elemento de entrada Real Academia de Ciencias Médicas, Físicas y Naturales de La Habana.
9 (RLIN) 134781
852 ## - LOCALIZACIÓN
Ubicación ES-MaACL
Número de control de estantería 1710-F-23
Holdings
Estatus retirado Estado de pérdida Estado de daño No para préstamo Colección Biblioteca de origen Biblioteca actual Ubicación en estantería Fecha de adquisición Fuente de adquisición Total de préstamos Signatura topográfica completa Código de barras Visto por última vez Precio de reemplazo Tipo de ítem Koha
        Colección de folletos Biblioteca del Ateneo de Madrid Biblioteca del Ateneo de Madrid Depósito folletos 17/01/2008     1710-F-23 1112973 23/02/2023 23/02/2023 Folleto